[Event "European Youth Chess Championship G18"]
[Site "Prague, Top Hotel Prague"]
[Date "2016.08.27"]
[Round "9.8"]
[White "Georgescu, Lena"]
[Black "Fuskova, Martina"]
[Result "1-0"]
[WhiteElo "2174"]
[BlackElo "2063"]
[PlyCount "73"]
[EventDate "2016.08.18"]

1. e4 c5 2. Nc3 Nc6 3. Bb5 g6 4. Bxc6 dxc6 5. f4 Nf6 6. d3 Bg7 7. Nf3 c4 8. e5
Nd5 9. Nxd5 cxd5 10. O-O O-O 11. Be3 Qc7 12. Bd4 b6 13. Rc1 Ba6 14. Bc3 Rac8
15. Nd4 e6 16. Kh1 Qc5 17. Qf3 b5 18. a3 Bb7 19. dxc4 bxc4 20. Rce1 Qb6 21. Qg4
Rfd8 22. Rf3 a6 23. Rh3 h6 24. Rg3 Rc7 25. Qh4 Rdc8 26. f5 exf5 27. Nxf5 g5 28.
Qg4 Qe6 29. Rf1 Re8 30. Qe2 f6 31. Re3 Qc6 32. Nxg7 Rxg7 33. exf6 Rxe3 34. fxg7
Rxc3 35. Rf8+ Kxg7 36. Qe7+ Kg6 37. Qf7# 1-0

[Event "European Youth Chess Championship G18"]
[Site "Prague, Top Hotel Prague"]
[Date "2016.08.27"]
[Round "9.9"]
[White "Vidic, Teja"]
[Black "Salahidou, Reveka"]
[Result "1-0"]
[WhiteElo "2149"]
[BlackElo "1968"]
[PlyCount "59"]
[EventDate "2016.08.18"]

1. e4 c5 2. Nf3 e6 3. g3 Nc6 4. Bg2 e5 5. O-O Nge7 6. c3 d6 7. h3 Bd7 8. d4 Qc7
9. Na3 a6 10. Be3 b6 11. Qd3 f5 12. dxe5 dxe5 13. Nc4 O-O-O 14. Nd6+ Kb8 15.
Nf7 fxe4 16. Qxe4 Bf5 17. Qa4 Bd3 18. Nxd8 Nxd8 19. Rfd1 Bb5 20. Qe4 Ka7 21.
Nxe5 Nb7 22. Bf4 Qc8 23. a4 Be8 24. Qxb7+ Qxb7 25. Bxb7 Kxb7 26. Rd8 Bc6 27.
Nxc6 Nxc6 28. Rd7+ Ka8 29. Re1 Be7 30. Rc7 1-0

[Event "European Youth Chess Championship G18"]
[Site "Prague, Top Hotel Prague"]
[Date "2016.08.27"]
[Round "9.10"]
[White "Paolillo, Gaia"]
[Black "Roklicer, Heike"]
[Result "1/2-1/2"]
[WhiteElo "2109"]
[BlackElo "1936"]
[PlyCount "73"]
[EventDate "2016.08.18"]

1. Nf3 d6 2. d4 Bg4 3. e3 Nd7 4. c4 c6 5. Nbd2 Ngf6 6. Bd3 g6 7. b3 Bg7 8. Bb2
O-O 9. O-O Re8 10. h3 Bxf3 11. Nxf3 e5 12. dxe5 dxe5 13. Bc2 Qc7 14. Qe2 a6 15.
e4 Nh5 16. g3 Qb6 17. Kh2 Qc7 18. Rad1 Rad8 19. a3 b6 20. b4 a5 21. Rd3 Nf8 22.
Rfd1 Ne6 23. Rxd8 Rxd8 24. Rxd8+ Nxd8 25. Qd2 axb4 26. axb4 Ne6 27. Bb1 Bf6 28.
Bc3 c5 29. Qd5 Nd4 30. Bxd4 exd4 31. e5 Bg7 32. b5 Bf8 33. Qc6 Qd8 34. Nd2 Ng7
35. Ne4 Be7 36. Bd3 Ne6 37. Kg2 1/2-1/2

[Event "European Youth Chess Championship G18"]
[Site "Prague, Top Hotel Prague"]
[Date "2016.08.27"]
[Round "9.11"]
[White "Dai, Irmak"]
[Black "Pychova, Nela"]
[Result "1-0"]
[WhiteElo "1806"]
[BlackElo "2072"]
[PlyCount "105"]
[EventDate "2016.08.18"]

1. e4 c6 2. d4 d5 3. Nc3 dxe4 4. Nxe4 Bf5 5. Ng3 Bg6 6. h4 h6 7. Nf3 Nd7 8. h5
Bh7 9. Bd3 Bxd3 10. Qxd3 e6 11. Bd2 Qc7 12. O-O-O O-O-O 13. Kb1 Ngf6 14. c4 c5
15. Qe2 Bd6 16. Ne4 Nxe4 17. Qxe4 Nf6 18. Qe2 a6 19. g3 Qc6 20. Rh4 Rhe8 21.
Bc3 Bc7 22. Ne5 Bxe5 23. Qxe5 Rd7 24. Re1 cxd4 25. Rxd4 Red8 26. b3 b6 27. Red1
Kb7 28. Kb2 Rxd4 29. Rxd4 Rxd4 30. Bxd4 Ne8 31. Qf4 f6 32. Qg4 e5 33. Be3 Qc7
34. Qe4+ Ka7 35. Qd5 Nd6 36. c5 Nc8 37. cxb6+ Nxb6 38. Qa5 Kb7 39. Qxb6+ Qxb6
40. Bxb6 Kxb6 41. Kc3 Kc5 42. b4+ Kd5 43. a4 f5 44. Kd3 e4+ 45. Kc3 Ke5 46. b5
axb5 47. axb5 Kd6 48. Kb4 Kc7 49. Kc5 Kb7 50. b6 Kb8 51. Kc6 Kc8 52. b7+ Kb8
53. Kb6 1-0

[Event "European Youth Chess Championship G18"]
[Site "Prague, Top Hotel Prague"]
[Date "2016.08.27"]
[Round "9.12"]
[White "Auvray, Honorine"]
[Black "Kyrkjebo, Hanna B"]
[Result "1-0"]
[WhiteElo "2042"]
[BlackElo "1999"]
[PlyCount "119"]
[EventDate "2016.08.18"]

1. d4 d5 2. Bf4 Nf6 3. e3 e6 4. Nd2 c5 5. c3 Nc6 6. Ngf3 Bd6 7. Bg3 O-O 8. Bd3
b6 9. Qe2 Bb7 10. Rd1 Re8 11. e4 Be7 12. e5 Nd7 13. a3 cxd4 14. cxd4 f6 15. h4
f5 16. b4 a6 17. Nb3 Nf8 18. Bf4 Qd7 19. h5 Bd8 20. g4 Ne7 21. Nh4 Qa4 22. Qb2
Bc8 23. Rg1 Bd7 24. gxf5 Nxf5 25. Nxf5 exf5 26. Bh6 Re7 27. f4 Be6 28. Rd2 Rc7
29. Bg5 Bxg5 30. Rxg5 h6 31. Rg1 Raa7 32. Na1 Qc6 33. Nc2 Qe8 34. Rh2 Qc8 35.
Kd2 Rf7 36. Ne3 Rac7 37. Rhh1 Rc6 38. b5 axb5 39. Bxb5 Rcc7 40. Rc1 Qb7 41. Rb1
Qa7 42. Qb4 Rc8 43. Bd3 Rc6 44. Rb3 Kh7 45. Qb5 Qa8 46. Rhb1 g6 47. Nc2 Bd7 48.
Qa6 Qxa6 49. Bxa6 Ne6 50. hxg6+ Kxg6 51. Rg3+ Kh7 52. Nb4 Rc7 53. Nxd5 Ra7 54.
Rxb6 h5 55. Bc4 Nxd4 56. Nf6+ Rxf6 57. Rxf6 Ba4 58. Bg8+ Kh8 59. Rh6+ Rh7 60.
Rxh7# 1-0

[Event "European Youth Chess Championship G18"]
[Site "Prague, Top Hotel Prague"]
[Date "2016.08.27"]
[Round "9.13"]
[White "Chanturia, Ani"]
[Black "Miljkovic, Jovana"]
[Result "0-1"]
[WhiteElo "1737"]
[BlackElo "2024"]
[PlyCount "82"]
[EventDate "2016.08.18"]

1. e4 c5 2. Nf3 d6 3. Bb5+ Nd7 4. c4 Ngf6 5. Nc3 g6 6. d4 cxd4 7. Nxd4 Bg7 8.
O-O O-O 9. Bxd7 Bxd7 10. b3 Rc8 11. Bb2 Qa5 12. Qd3 Rfe8 13. Kh1 Qh5 14. f3 Bh6
15. Bc1 Bxc1 16. Raxc1 Qh6 17. Rfd1 Nh5 18. Qd2 Qxd2 19. Rxd2 Nf6 20. Rcd1 a6
21. Nde2 Rc5 22. Nd5 Nxd5 23. Rxd5 Rxd5 24. Rxd5 Rc8 25. Rd1 b5 26. cxb5 axb5
27. Rc1 Rxc1+ 28. Nxc1 f5 29. Ne2 Kf7 30. Kg1 fxe4 31. fxe4 Kf6 32. Kf2 Ke5 33.
Ke3 Bc6 34. Ng3 e6 35. Kf3 d5 36. exd5 Bxd5+ 37. Kf2 b4 38. Nf1 Kd4 39. Ne3 Kc3
40. g3 Kb2 41. Nc4+ Kxa2 0-1

[Event "European Youth Chess Championship G18"]
[Site "Prague, Top Hotel Prague"]
[Date "2016.08.27"]
[Round "9.14"]
[White "Cusmuliuc, Diana-Elena"]
[Black "Buiza, Prieto Eihartze"]
[Result "1/2-1/2"]
[WhiteElo "1945"]
[BlackElo "2085"]
[PlyCount "71"]
[EventDate "2016.08.18"]

1. b3 e5 2. Bb2 Nc6 3. c4 Bc5 4. Nc3 a6 5. e3 d6 6. d3 Ba7 7. Nf3 Nf6 8. Be2
O-O 9. Qd2 Rb8 10. O-O h6 11. Ne1 Bf5 12. Kh1 Re8 13. e4 Bg6 14. f4 exf4 15.
Rxf4 Nd4 16. Nc2 Nxc2 17. Qxc2 Nd7 18. Raf1 Nf8 19. Bg4 Bd4 20. Nd5 Be5 21.
Bxe5 dxe5 22. R4f3 c6 23. Ne3 Qd6 24. Nf5 Bxf5 25. Bxf5 Rbd8 26. Bg4 Re7 27.
Qf2 f6 28. Bf5 Ne6 29. Bxe6+ Qxe6 30. Rg3 Red7 31. Qd2 Kh7 32. h3 Rd4 33. Qe2
R4d6 34. Qh5 Qe8 35. Qg4 R8d7 36. Qe2 1/2-1/2

[Event "European Youth Chess Championship G18"]
[Site "Prague, Top Hotel Prague"]
[Date "2016.08.27"]
[Round "9.15"]
[White "Lingur, Zalina"]
[Black "Janska, Jitka"]
[Result "1/2-1/2"]
[WhiteElo "2060"]
[BlackElo "2052"]
[PlyCount "95"]
[EventDate "2016.08.18"]

1. c4 Nf6 2. Nc3 e6 3. e4 d6 4. d4 Nbd7 5. f4 e5 6. Nf3 exd4 7. Nxd4 Nc5 8. Bd3
Bg4 9. Nf3 Qe7 10. O-O O-O-O 11. h3 Bxf3 12. Qxf3 Re8 13. Re1 Kb8 14. Bd2 g6
15. Nd5 Nxd5 16. exd5 Qd8 17. Bc3 Rg8 18. Rxe8 Qxe8 19. Re1 Qc8 20. Bc2 Bg7 21.
Bxg7 Rxg7 22. Qc3 Rg8 23. Re7 f5 24. Rxh7 Qe8 25. Kh2 Ne4 26. Qd4 g5 27. fxg5
Nxg5 28. Rg7 Nf3+ 29. gxf3 Qe2+ 30. Kg1 Qe1+ 31. Kg2 Qe2+ 32. Kh1 Qf1+ 33. Kh2
Qe2+ 34. Kg3 Qe1+ 35. Kf4 Qh4+ 36. Ke3 Qh6+ 37. Kf2 Rxg7 38. Bxf5 Qg5 39. Bg4
Qh4+ 40. Kg2 Re7 41. Qf2 Qh7 42. Be6 Qg6+ 43. Kh2 Qf6 44. b3 Qf4+ 45. Qg3 Qd2+
46. Qg2 Qf4+ 47. Qg3 Qd2+ 48. Qg2 1/2-1/2

[Event "European Youth Chess Championship G18"]
[Site "Prague, Top Hotel Prague"]
[Date "2016.08.27"]
[Round "9.16"]
[White "Shivacheva, Donika"]
[Black "Weaver, Lauren"]
[Result "1-0"]
[WhiteElo "2035"]
[BlackElo "1552"]
[PlyCount "59"]
[EventDate "2016.08.18"]

1. e4 d5 2. exd5 Qxd5 3. Nc3 Qd6 4. d4 c6 5. h3 Nf6 6. Nf3 Bf5 7. Be3 h6 8. Qd2
e6 9. Bf4 Qb4 10. O-O-O Nd5 11. Nxd5 cxd5 12. Qxb4 Bxb4 13. c3 Be7 14. Bb5+ Nc6
15. Ne5 Rc8 16. Nxc6 bxc6 17. Ba6 Rd8 18. Bb7 c5 19. Bc7 Bd6 20. Bc6+ Ke7 21.
Bxd8+ Rxd8 22. g3 cxd4 23. Rxd4 Bc5 24. Rd2 Be4 25. Re1 Kf8 26. Rxe4 Rd6 27.
Bxd5 exd5 28. Re5 Rf6 29. Rdxd5 Bxf2 30. Rd8# 1-0

[Event "European Youth Chess Championship G18"]
[Site "Prague, Top Hotel Prague"]
[Date "2016.08.27"]
[Round "9.17"]
[White "Suchomelova, Simona"]
[Black "Kassay, Lilla"]
[Result "1-0"]
[WhiteElo "1838"]
[BlackElo "2034"]
[PlyCount "103"]
[EventDate "2016.08.18"]

1. e4 c5 2. Nf3 d6 3. d4 cxd4 4. Nxd4 Nf6 5. Nc3 a6 6. Be2 e6 7. O-O Be7 8. a4
Qc7 9. Kh1 Nc6 10. Nb3 b6 11. f4 O-O 12. Be3 Bb7 13. Bf3 Rac8 14. Qe1 Rfd8 15.
Qg3 Bf8 16. e5 Nd7 17. exd6 Bxd6 18. Ne4 Be7 19. c3 Nf6 20. Nxf6+ Bxf6 21. Qf2
Rd7 22. Bxb6 Qxf4 23. Be3 Qb8 24. Nc5 Rdd8 25. Rfd1 Rxd1+ 26. Rxd1 Rd8 27. Nd7
Qc8 28. Nxf6+ gxf6 29. Bh6 Kh8 30. Rxd8+ Qxd8 31. Qg3 Qg8 32. Qd6 Qd8 33. Qg3
Qg8 34. Qxg8+ Kxg8 35. Kg1 f5 36. b4 f6 37. Kf2 Kf7 38. Bd2 Ke7 39. Ke3 Kd6 40.
c4 e5 41. b5 f4+ 42. Kf2 axb5 43. cxb5 Nd8 44. Bb4+ Kd7 45. Bg4+ Ke8 46. a5 e4
47. a6 e3+ 48. Kf1 Bd5 49. Ba5 Bc4+ 50. Be2 Bd5 51. a7 Kd7 52. Bf3 1-0

[Event "European Youth Chess Championship G18"]
[Site "Prague, Top Hotel Prague"]
[Date "2016.08.27"]
[Round "9.18"]
[White "Yolal, Sena Gokcen"]
[Black "Arvai, Eszter"]
[Result "1-0"]
[WhiteElo "1646"]
[BlackElo "1955"]
[PlyCount "109"]
[EventDate "2016.08.18"]

1. e4 e5 2. Nf3 Nc6 3. Bc4 Bc5 4. b4 Bb6 5. a4 a6 6. c3 d6 7. h3 Nf6 8. d3 h6
9. O-O O-O 10. Re1 Ne7 11. Nbd2 Ng6 12. Nf1 Nf4 13. d4 Qe7 14. Bxf4 exf4 15. e5
Nh7 16. Qd2 g5 17. Qc2 Kg7 18. N1d2 f6 19. Bd3 Rh8 20. exd6 Qxd6 21. Nc4 Qd8
22. Re2 Nf8 23. Rae1 Be6 24. Nxb6 cxb6 25. c4 h5 26. d5 Bf7 27. Nd4 g4 28. Nf5+
Kg8 29. Re7 Ng6 30. Rxb7 Ne5 31. Ne7+ Kg7 32. Nf5+ Kg8 33. Ne7+ Kg7 34. Nc6 Qc8
35. Rxb6 gxh3 36. Nxe5 fxe5 37. Bf5 Qd8 38. Rb7 Rb8 39. Rxb8 Qxb8 40. Bxh3 Re8
41. Qd2 Qd6 42. Qc3 Bg8 43. Bf5 Bh7 44. Be4 Qe7 45. Bf3 Kf6 46. b5 axb5 47.
axb5 Qc7 48. Qb4 Rc8 49. Rc1 Bg6 50. c5 Re8 51. b6 Qb8 52. c6 e4 53. c7 Qb7 54.
Qd6+ Kg5 55. Qd8+ 1-0

[Event "European Youth Chess Championship G18"]
[Site "Prague, Top Hotel Prague"]
[Date "2016.08.27"]
[Round "9.19"]
[White "Malatsilava, Volha"]
[Black "Verhoeff, Timardi"]
[Result "1-0"]
[WhiteElo "2034"]
[BlackElo "1870"]
[PlyCount "89"]
[EventDate "2016.08.18"]

1. e4 d6 2. d4 Nf6 3. Nc3 g6 4. f4 Bg7 5. Nf3 O-O 6. Be3 c6 7. Bd3 Qc7 8. O-O
b5 9. a3 a6 10. h3 Bb7 11. e5 dxe5 12. dxe5 Nd5 13. Nxd5 cxd5 14. Nd4 e6 15. h4
Nc6 16. h5 Nxd4 17. Bxd4 Rfe8 18. Qg4 Bc8 19. hxg6 fxg6 20. Rf3 Re7 21. Rh3 Bf8
22. Qf3 Rg7 23. Qf2 Rb8 24. b4 Rb7 25. c3 Bd7 26. Qf3 Kf7 27. Qg4 Kg8 28. Rf1
Bc8 29. Rff3 Qf7 30. Rfg3 Bd7 31. Qf3 Be8 32. Qe3 Rc7 33. Rf3 Qd7 34. Kh1 Qc8
35. g4 h5 36. gxh5 gxh5 37. f5 Rg4 38. f6 Bg6 39. Bxg6 Rxg6 40. Rfg3 Rxg3 41.
Qxg3+ Kf7 42. Rxh5 Ke8 43. Qg6+ Kd7 44. Rh8 Kc6 45. Bc5 1-0

[Event "European Youth Chess Championship G18"]
[Site "Prague, Top Hotel Prague"]
[Date "2016.08.27"]
[Round "9.20"]
[White "Weis, Olga"]
[Black "Gur, Tuba"]
[Result "1-0"]
[WhiteElo "1895"]
[BlackElo "1717"]
[PlyCount "55"]
[EventDate "2016.08.18"]

1. d4 d5 2. c4 e6 3. Nc3 Nf6 4. cxd5 exd5 5. Bg5 Be7 6. e3 h6 7. Bh4 Bf5 8.
Bxf6 Bxf6 9. Qb3 Be6 10. Qxb7 Nd7 11. Nxd5 Rb8 12. Nxc7+ Ke7 13. Qxa7 Kf8 14.
Nxe6+ fxe6 15. Nf3 Be7 16. a3 Ra8 17. Qb7 Qa5+ 18. Nd2 Nf6 19. Qb5 Qc7 20. Bd3
Kf7 21. O-O Rhb8 22. Qc4 Qa5 23. b4 Qh5 24. Nf3 Rc8 25. Ne5+ Qxe5 26. dxe5 Rxc4
27. exf6 Rc3 28. Be4 1-0

[Event "European Youth Chess Championship G18"]
[Site "Prague, Top Hotel Prague"]
[Date "2016.08.27"]
[Round "9.21"]
[White "Vangsgaard, Freja"]
[Black "Poliakova, Emma"]
[Result "1/2-1/2"]
[WhiteElo "2129"]
[BlackElo "1912"]
[PlyCount "63"]
[EventDate "2016.08.18"]

1. d4 d5 2. c4 c6 3. Nf3 Nf6 4. e3 e6 5. b3 c5 6. Bb2 cxd4 7. exd4 b6 8. Bd3
Bb7 9. O-O Be7 10. Nbd2 Nc6 11. Rc1 Nb4 12. Bb1 O-O 13. Ne5 Nd7 14. Ndf3 Nc6
15. Re1 Ndxe5 16. dxe5 dxc4 17. Rxc4 Qxd1 18. Rxd1 Na5 19. Rc7 Rfd8 20. Rdc1
Rac8 21. Rxc8 Rxc8 22. Rxc8+ Bxc8 23. Be4 Nb7 24. Nd4 Nd8 25. Nb5 a6 26. Nc7
Bc5 27. Bd3 a5 28. Bb5 Bb7 29. Na6 Bxa6 30. Bxa6 Nc6 31. Bb5 Nb4 32. a4 1/2-1/2

[Event "European Youth Chess Championship G18"]
[Site "Prague, Top Hotel Prague"]
[Date "2016.08.27"]
[Round "9.22"]
[White "Sarnovska, Eira"]
[Black "Dmochowska, Agnieszka"]
[Result "0-1"]
[WhiteElo "1719"]
[BlackElo "2034"]
[PlyCount "44"]
[EventDate "2016.08.18"]

1. Nf3 Nf6 2. c4 b6 3. d4 e6 4. Nc3 Bb7 5. e3 Be7 6. Bd3 d5 7. a3 O-O 8. O-O c5
9. dxc5 Bxc5 10. b4 Bd6 11. Bb2 Nbd7 12. Qc2 Rc8 13. cxd5 exd5 14. Qb3 Ne5 15.
Nxe5 Bxe5 16. Rac1 d4 17. exd4 Qxd4 18. Rfd1 Bxh2+ 19. Kf1 Qg4 20. f3 Bxf3 21.
gxf3 Qxf3+ 22. Ke1 Qe3+ 0-1

[Event "European Youth Chess Championship G18"]
[Site "Prague, Top Hotel Prague"]
[Date "2016.08.27"]
[Round "9.23"]
[White "Gitu, Paula-Alexandra"]
[Black "Silva, Mariana Sofia T"]
[Result "1-0"]
[WhiteElo "2012"]
[BlackElo "1757"]
[PlyCount "68"]
[EventDate "2016.08.18"]

1. e4 c5 2. Nf3 Nc6 3. Bb5 g6 4. Bxc6 bxc6 5. O-O Bg7 6. Re1 Nh6 7. c3 O-O 8.
d4 cxd4 9. cxd4 d5 10. e5 f6 11. h3 Nf7 12. exf6 exf6 13. b3 a5 14. Ba3 Re8 15.
Nc3 Ba6 16. Bc5 Rb8 17. Rxe8+ Qxe8 18. Qe1 Qd7 19. Na4 Qc7 20. Nb6 Bf8 21. Qxa5
Bd3 22. Qc3 Be4 23. Bxf8 Qxb6 24. Bc5 Qa6 25. Nd2 Bf5 26. a4 Re8 27. Rc1 Ng5
28. f3 Qe2 29. h4 Nh3+ 30. Kh1 Nf4 31. Rg1 Qf2 32. g3 Ne2 33. Qa1 Nxg1 34. Qxg1
Re1 1-0

[Event "European Youth Chess Championship G18"]
[Site "Prague, Top Hotel Prague"]
[Date "2016.08.27"]
[Round "9.24"]
[White "Egyed, Viktoria"]
[Black "Naghiyeva, Khayala"]
[Result "1-0"]
[WhiteElo "2007"]
[BlackElo "1663"]
[PlyCount "41"]
[EventDate "2016.08.18"]

1. e4 c5 2. c3 d5 3. exd5 Qxd5 4. d4 Nc6 5. Nf3 Bg4 6. Be2 cxd4 7. cxd4 e6 8.
Nc3 Qa5 9. O-O Nf6 10. h3 Bh5 11. Be3 Be7 12. a3 O-O 13. Re1 Rac8 14. Qb3 Qc7
15. Rad1 Rfd8 16. g4 Bg6 17. Bg5 Nd5 18. Nxd5 Rxd5 19. Bxe7 Qxe7 20. Bb5 Na5
21. Qxd5 1-0

[Event "European Youth Chess Championship G18"]
[Site "Prague, Top Hotel Prague"]
[Date "2016.08.27"]
[Round "9.25"]
[White "Sajjadi, Kimiya"]
[Black "Boehm, Jana"]
[Result "1/2-1/2"]
[WhiteElo "1828"]
[BlackElo "1954"]
[PlyCount "102"]
[EventDate "2016.08.18"]

1. d4 Nf6 2. c4 g6 3. Nc3 d5 4. Nf3 Bg7 5. Qb3 c6 6. cxd5 Nxd5 7. e4 Nxc3 8.
bxc3 O-O 9. Be3 Nd7 10. e5 e6 11. Be2 Qa5 12. Nd2 Nb6 13. Ne4 Nd5 14. O-O Nxe3
15. fxe3 b6 16. Nd6 Ba6 17. Qc2 Bxe2 18. Qxe2 Rad8 19. Nb7 Qa3 20. Nxd8 Rxd8
21. Qf3 Qf8 22. Qxc6 Rc8 23. Qf3 Rxc3 24. Rac1 Rxc1 25. Rxc1 Qa3 26. Rc8+ Bf8
27. Rc2 Bh6 28. Re2 a5 29. g4 b5 30. h4 b4 31. g5 Bf8 32. Rf2 Qc1+ 33. Rf1 Qc7
34. h5 a4 35. e4 gxh5 36. d5 b3 37. dxe6 Qb6+ 38. Kg2 Qxe6 39. axb3 axb3 40.
Qxh5 b2 41. Rh1 Bg7 42. Qxh7+ Kf8 43. Qh3 Qc4 44. Qa3+ Ke8 45. Qa8+ Ke7 46.
Qb7+ Ke8 47. Qb8+ Ke7 48. Qd6+ Ke8 49. Qb8+ Ke7 50. Qb7+ Ke8 51. Qb8+ Ke7
1/2-1/2

[Event "European Youth Chess Championship G18"]
[Site "Prague, Top Hotel Prague"]
[Date "2016.08.27"]
[Round "9.26"]
[White "Sit, Victoria"]
[Black "Jerabkova, Julia"]
[Result "1-0"]
[WhiteElo "1697"]
[BlackElo "1571"]
[PlyCount "43"]
[EventDate "2016.08.18"]

1. d4 d5 2. c4 c6 3. Nf3 Nf6 4. e3 Bf5 5. Nc3 dxc4 6. Bxc4 e6 7. Nh4 Be7 8.
Nxf5 exf5 9. Qb3 b5 10. Bxf7+ Kf8 11. Be6 g6 12. O-O Na6 13. e4 fxe4 14. Bh6+
Ke8 15. Bf7+ Kd7 16. Nxb5 Kc8 17. Rac1 c5 18. Be6+ Kb7 19. Nd6+ Kc6 20. Qb7+
Kxd6 21. Qxa6+ Kc7 22. dxc5 1-0

[Event "European Youth Chess Championship G18"]
[Site "Prague, Top Hotel Prague"]
[Date "2016.08.27"]
[Round "9.27"]
[White "Kyrkjebo, Marte B"]
[Black "Temmerman, Sara"]
[Result "1/2-1/2"]
[WhiteElo "1866"]
[BlackElo "1631"]
[PlyCount "81"]
[EventDate "2016.08.18"]

1. e4 d5 2. exd5 Qxd5 3. Nc3 Qd6 4. d4 Nf6 5. Nf3 g6 6. Nb5 Qd8 7. c4 c6 8. Nc3
Bg4 9. Be3 Bg7 10. Be2 Nbd7 11. O-O Nb6 12. Qb3 Bxf3 13. Bxf3 Qd7 14. Rad1 O-O
15. d5 Qc7 16. g3 cxd5 17. c5 Nc4 18. Nxd5 Nxd5 19. Bxd5 Nxe3 20. fxe3 e6 21.
Bxb7 Rab8 22. c6 Rfd8 23. Qa4 a5 24. Qf4 Be5 25. Qf2 Rxd1 26. Rxd1 Rd8 27.
Rxd8+ Qxd8 28. Qc2 Qb6 29. Kf2 Bc7 30. Bc8 Qb5 31. e4 Bb6+ 32. Kg2 Bc7 33. Bd7
Qb4 34. a3 Qd4 35. Qf2 Qxe4+ 36. Kg1 Qb1+ 37. Kg2 Qe4+ 38. Kf1 Qd3+ 39. Kg2
Qe4+ 40. Kf1 Qd3+ 41. Kg2 1/2-1/2

[Event "European Youth Chess Championship G18"]
[Site "Prague, Top Hotel Prague"]
[Date "2016.08.27"]
[Round "9.28"]
[White "Maric, Sara"]
[Black "Pilsan, Martha"]
[Result "0-1"]
[WhiteElo "1829"]
[BlackElo "1640"]
[PlyCount "70"]
[EventDate "2016.08.18"]

1. d4 Nf6 2. c4 g6 3. Nc3 Bg7 4. Nf3 O-O 5. Bg5 d6 6. e4 Nbd7 7. Bd3 e5 8. d5
Nc5 9. Bc2 a5 10. h3 Bd7 11. b3 Qe8 12. a4 h6 13. Be3 Nh5 14. Rb1 f5 15. Bxc5
dxc5 16. d6 c6 17. Nh4 f4 18. Bd3 Qf7 19. Be2 Nf6 20. Kd2 Rad8 21. Kc2 g5 22.
Nf5 Bxf5 23. exf5 Ne8 24. Bg4 Nxd6 25. Qe2 Qf6 26. Kb2 e4 27. Rbc1 Rfe8 28.
Rhe1 Nxf5 29. Bxf5 Qxf5 30. Ka2 e3 31. Qf3 Rd2+ 32. Ka3 Qd3 33. fxe3 Bxc3 34.
Rxc3 Qxc3 35. Rb1 Qb4# 0-1

[Event "European Youth Chess Championship G18"]
[Site "Prague, Top Hotel Prague"]
[Date "2016.08.27"]
[Round "9.29"]
[White "Reid, Caitlin"]
[Black "Ajanovic, Berina"]
[Result "1-0"]
[WhiteElo "1439"]
[BlackElo "1377"]
[PlyCount "55"]
[EventDate "2016.08.18"]

1. e4 c5 2. Nf3 Nc6 3. c3 Nf6 4. e5 Nd5 5. d4 cxd4 6. cxd4 e6 7. Nc3 Nxc3 8.
bxc3 d6 9. Bf4 Qa5 10. Qd2 Qc7 11. Bd3 Bd7 12. O-O dxe5 13. Nxe5 Bd6 14. Qe2
Bxe5 15. dxe5 Ne7 16. c4 O-O 17. Rab1 Ng6 18. Bg3 Bc6 19. h4 Qe7 20. h5 Nh4 21.
Be4 Qg5 22. Rb3 f5 23. f4 Qe7 24. Bxc6 bxc6 25. Qf2 Nxg2 26. Qxg2 Qc5+ 27. Bf2
Qxc4 28. Be3 1-0